Biblioteca

Qoheleth (Registro nro. 67842)

Detalles MARC
000 -LÍDER
Campo fijo de descripción fija 02103cam a2200361 i 4500
001 - NÚMERO DE CONTROL
Campo de control 768714001
003 - IDENTIFICADOR DEL NÚMERO DE CONTROL
Campo de control CO-MdFUSB
005 - FECHA Y HORA DE LA ULTIMA TRANSACCIÓN
control field 20220531120351.0
007 - CAMPO FIJO DE DESCRIPCIÓN FIJA--INFORMACIÓN GENERAL
Campo fijo de descripción fija ta
008 - ELEMENTOS DE LONGITUD FIJA -- INFORMACIÓN GENERAL
Campo fijo de descripción fija -- Información general 021024t2003 mnu b 001 0 eng
020 ## - NÚMERO INTERNACIONAL NORMALIZADO PARA LIBROS
Número Internacional Normalizado del libro 0800696042
040 ## - FUENTE DE CATALOGACIÓN
Agencia de catalogación original DLC
Agencia que realiza la transcripción CO-MdFUSB
Agencia que realiza la modificación PLT
-- C#P
-- MUQ
-- BAKER
-- BTCTA
-- LMR
-- YDXCP
-- IG#
-- UBA
-- GEBAY
-- BDX
-- EUM
-- OCLCO
-- XPQ
-- UtOrBLW
Idioma de catalogación spa
Convenciones de la descripción rda
041 1# - CÓDIGO DE IDIOMA
Código de idioma para texto/pista de sonido o título separado eng
Código de idioma original ger
082 ## - NÚMERO DE CLASIFICACIÓN DECIMAL DEWEY
Número de la edición del Dewey 23
Número de clasificación 223.807
Clave de autor-Numero de item L833
100 1# - ASIENTO PRINCIPAL--NOMBRE PERSONAL
Nombre personal Lohfink, Norbert.
Término relacionador autor
240 10 - TITULO UNIFORME
Título uniforme <a href="Kohelet.">Kohelet.</a>
245 10 - TÍTULO
Título del Material Qoheleth
Mención de responsabilidad, etc. / Norbert Lohfink ; traducido por Sean McEvenue.
264 #1 - PRODUCCIÓN, PUBLICACIÓN, DISTRIBUCIÓN, MANUFACTURA, Y COPYRIGHT
Lugar de producción, publicación, distribución, manufactura Minneapolis, MN :
Nombre del productor, publicador, distribuidor Fortress Press,
Fecha de producción, publicación, distribución, manufactura, o copyright [2003]
264 #4 - PRODUCCIÓN, PUBLICACIÓN, DISTRIBUCIÓN, MANUFACTURA, Y COPYRIGHT
Fecha de producción, publicación, distribución, manufactura, o copyright © 2003
300 ## - DESCRIPCIÓN FÍSICA
Extensión 158 páginas :
Dimensiones 25 cm.
336 ## - TIPO DE CONTENIDO
Fuente rdacontent
Término de tipo de contenido texto
Código de tipo de contenido txt
337 ## - TIPO DE MEDIO
Fuente rdamedia
Nombre del tipo de medio sin mediación
Código del tipo de medio n
338 ## - TIPO DE SOPORTE
Fuente rdacarrier
Nombre del tipo de soporte volumen
Código Tipo de soporte nc
490 ## - MENCIÓN DE SERIE
Mención de serie A Continental Commentary
504 ## - NOTA DE BIBLIOGRAFÍA, ETC.
Nota de bibliografía, etc Incluye referencias bibliográficas (p. 145-150) e índice.
505 ## - NOTA DE CONTENIDO
Nota de contenido con formato preestablecido Introducción. Estudio de los contenidos -- Historia de la interpretación -- Era y circunstancias de la escritura -- Un modelo de enculturación -- Forma lingüística -- Estructura -- El contenido israelita -- Autoría -- El libro y el canon -- Género literario -- La filosofía de Qohelet -- El desafío teológico de Qohelet -- Traducción. Comentario.
520 ## - NOTA DE RESUMEN, ETC.
Nota de sumario, etc. "Esta nueva adición a la exitosa serie Continental Commentary es un tratamiento significativo y fresco de Qoheleth (o Eclesiastés). Un famoso profesor presenta una traducción sorprendentemente nueva de este libro del Antiguo Testamento, a menudo desconcertante. Lohfink también aboga por una interpretación bastante diferente de el libro que uno encuentra en otra parte. En lugar de leer la perspectiva del libro como deprimente, perdida o cínica, destaca los elementos de alegría y equilibrio. El volumen incluye introducción, nueva traducción, comentario, pasajes paralelos, bibliografía e índices"
563 ## - NOTA DE ENCUADERNACIÓN
Nota de encuadernación Pasta dura
630 #7 - TITULO UNIFORME
Título uniforme Biblia.
Nombre de parte o sección de la obra Eclesiastes
Subdivisión de materia general Crítica, interpretación, etc.
942 ## - TIPO DE MATERIAL (KOHA)
Tipo de Item KOHA Libros General
945 ## - INFORMACIÓN LOCAL DEL REGISTRO
Catalogador JTF-925
Existencias
Estado de Material Estado de Perdido Forma de Clasificación Estado de Dañado No para Préstamo Colección Biblioteca de Origen Biblioteca Permanente Fecha de Adquisición Área Total de Préstamos Total de Renovaciones Signatura Topográfica Código de Barras Última vez visto Última vez Préstado Ejemplar/Existencia Fecha de Remplazo Tipo de Material
    Dewey Decimal Classification     Colección General Biblioteca FUSBC Biblioteca FUSBC 30/04/2022 BIBLIA 2 1 G 223.807 L833q 21060 18/09/2025 03/09/2025 Ej. 1 30/04/2022 Libros General

Biblioteca FUSBC | Teléfono: (57+4) 349 88 10 Ext. 141| WhatsApp (+57) 3005338115 
E-mail: biblioteca@unisbc.edu.co | Calle 76 87-14 Robledo Palenque, Medellín, Colombia

Con tecnología Koha